Probing through Philippians (Record no. 17447)

000 -LEADER
fixed length control field 00563nam a2200181 a 4500
001 - CONTROL NUMBER
control field :::00021398$&:&@@
003 - CONTROL NUMBER IDENTIFIER
control field OkBaRHE
005 - DATE AND TIME OF LATEST TRANSACTION
control field 20080119151143.0
008 - FIXED-LENGTH DATA ELEMENTS--GENERAL INFORMATION
fixed length control field j 000 0 eng u
040 ## - CATALOGING SOURCE
Transcribing agency
100 1# - MAIN ENTRY--PERSONAL NAME
Personal name McGee, Vernon J.
245 10 - TITLE STATEMENT
Title Probing through Philippians
260 ## - PUBLICATION, DISTRIBUTION, ETC. (IMPRINT)
Place of publication, distribution, etc Pasadena,California
Name of publisher, distributor, etc Thru the Bible Books
300 ## - PHYSICAL DESCRIPTION
Extent 87 p. ;
Dimensions 21 cm
650 ## - SUBJECT ADDED ENTRY--TOPICAL TERM
Topical term or geographic name as entry element Bible. N. T. Philippians
General subdivision Commentaries.
942 ## - ADDED ENTRY ELEMENTS (KOHA)
Source of classification or shelving scheme
Koha item type Books
Copies
Date acquired Full call number Date last seen Withdrawn status Permanent Location Not for loan Price effective from Damaged status Koha item type Shelving location Source of classification or shelving scheme Barcode Copy number Lost status
2010-04-14BS 2705.3 .M3332018-04-03 RHEMA Bible Training College 2010-04-14 BooksGeneral Stacks 213981